| 000 | 00787nam a2200241 a 4500 | ||
|---|---|---|---|
| 005 | 20200104041600.0 | ||
| 008 | 160212s1997 wau fr|||| 001 0 eng d | ||
| 020 | _a0309056403 | ||
| 040 |
_aCO-BoIAVH _cCO-BoIAVH |
||
| 041 | 0 | _aeng | |
| 044 | _axxu | ||
| 082 | 0 | 4 |
_a333.9104 _bC73v |
| 110 | 2 | _bCommittee on Valuing Ground Water | |
| 245 | 1 | 0 |
_aValuing ground water : _beconomic concepts and approaches |
| 260 |
_aWashington : _bNational Academy Press, _c1997. |
||
| 300 |
_a189 páginas ; _c24 x 16 cm. |
||
| 650 | 1 | 6 | _aAgua |
| 650 | 2 | 6 | _aAguas subterráneas |
| 710 | 2 | _aWater Science and Technology Board | |
| 710 | 2 | _aCommission on Geosciences, Environment, and Resources | |
| 710 | 2 | _aNational Research Council | |
| 942 |
_cLIBRO _2ddc |
||
| 999 |
_c5614 _d5614 |
||